000 00916 a2200205 4500
003 Nust
005 20250926175850.0
020 _a803870183
040 _cNust
082 _a621.388,COS
100 _aLawrence F. Costello
_9130742
245 _aTeach with Television a Guide t Instructional TV /
_cLawrence F. Costello
250 _a2nd ed.
260 _aNew York
_bHastings House
_c1965
300 _a192p
505 _aIntroduction (Page-7),Instructional Television (Page-11),The Limits of Television (Page-24),The Television Studio (Page-41),The Televised Lesson (Page-70),Organization Of The Installation (Page-88),Teaching the Lesson (Page-100),Using the Lesson (Page-109),Administration and Television (Page-135),Financing Instructional Television (Page-149),Evaluation the Results (Page-160),Summing Up (Page-172).
600 _aLawrence F.Costello
_9130743
650 _aTelevision
942 _2ddc
_cBK
999 _c183302
_d183302